1019 1498 1637 1664 1619 1281 1720 1851 1983 1531 1599 1332 1705 1461 1325 1122 1120 1521 1544 1104 1571 1962 1002 1910 1575 1480 1323 1361 1502 1920 1091 1172 1664 1968 1879 1372 1458 1741 1145 1445 1090 1894 1737 1441 1078 1066 1404 1380 1934 1275 1420 1261 1980 1338 1652 1846 1709 1156 1995 1684 1959 1241 1991 1430 1970 1735 1352 1268 1998 1457 1389 1392 1041 1543 1146 1107 1978 1468 1971 1892 1603 1330 1622 1286 1204 1269 1045 1692 1210 1121 1462 1462 1578 1409 1828 1489 1927 1384 1418 BCNSPRNW ULIB Ver.6.0+V

เปลี่ยนเป็นภาษาไทย

Change to English
 แสดงรายละเอียดบรรณานุกรม
  กลับหน้าหลัก

Brief Record : Get Marc (ISO 2709) : E-mail record : QR code < ปิดหน้าต่าง
LEADER : 00000nam 2200000uu 4500
001    13399111689
003     ULIB
008    110701s2549||||th 000 0 tha d
020    9749494210
050  4 PE1131^bก712ท 2549
100 1  กุณฑีรา กวักเพฑูรย์ คุโนลด์
245 10 เทคนิคการจดจำ การแปลคำศัพท์ อังกฤษ-ไทย /^cกุณฑีรา กวักเพฑูรย์ คุโนลด์
250    พิมพ์ครั้งที่ 1
260    กรุงเทพฯ :^bเอ็ดดูเคชั่น ไมน์ด ไลน์ มัลติมีเดีย,^c2549
300    199 หน้า :^bภาพประกอบ
650  7 ภาษาอังกฤษ^xการใช้ภาษา
650  7 การจำ^xคำศัพท์ภาษาอังกฤษ
650  7 คำศัพท์^xภาษาอังกฤษ
945    ^p155^l0^i020287
945    ^p155^l0^i020754
995    ทศพร
999 ^a ใช้งานได้ทุกระบบ
รายการนี้ยังไม่มีแท็ก
คุณยังไม่ได้ล็อกอิน คุณสามารถมีกิจกรรมร่วมกับเว็บไซต์ได้ แต่ต้องล็อกอินก่อน ::
  ล็อกอิน

รายการสื่อสารสนเทศ

ลำดับที่ ประเภท เลขเรียก/บาร์โค้ด สถานที่ สถานะ
- ไม่พบข้อมูล -

รายการใกล้เคียง
    หัวเรื่อง [ภาษาอังกฤษ การใช้ภาษา]

BibComment


ยังไม่เคยถูกคอมเมนท์

คอมเมนท์ทรัพยากรรายการนี้
  คอมเมนท์: เทคนิคการจดจำ การ..


 Copyright 2026. Bcnsprnw @Library